Leathercraft for amateurs, (Record no. 1135)
[ view plain ]
| 000 -LEADER | |
|---|---|
| fixed length control field | 00878cam a22002891 4500 |
| 005 - DATE AND TIME OF LATEST TRANSACTION | |
| control field | 20260322212048.0 |
| 008 - FIXED-LENGTH DATA ELEMENTS--GENERAL INFORMATION | |
| fixed length control field | data |
| 010 ## - LIBRARY OF CONGRESS CONTROL NUMBER | |
| LC control number | 35027231 |
| 020 ## - INTERNATIONAL STANDARD BOOK NUMBER | |
| International Standard Book Number | 9781406728781 |
| 040 ## - CATALOGING SOURCE | |
| Original cataloging agency | DLC |
| Transcribing agency | OAU |
| Modifying agency | DLC |
| 050 00 - LIBRARY OF CONGRESS CALL NUMBER | |
| Classification number | TT290 |
| Item number | .B3 |
| 082 ## - DEWEY DECIMAL CLASSIFICATION NUMBER | |
| Classification number | 745 |
| 092 ## - LOCALLY ASSIGNED DEWEY CALL NUMBER (OCLC) | |
| Classification number | 745 B3 1935 |
| 001 - CONTROL NUMBER | |
| control field | data |
| 100 1# - MAIN ENTRY--PERSONAL NAME | |
| Personal name | Bang, Eleonore E. |
| 245 10 - TITLE STATEMENT | |
| Title | Leathercraft for amateurs, |
| Statement of responsibility, etc. | Eleonore E. Bang, Charles Elmer White & Fellowcrafters Guild, Boston. |
| 250 ## - EDITION STATEMENT | |
| Edition statement | Reprint. |
| 260 ## - PUBLICATION, DISTRIBUTION, ETC. | |
| Place of publication, distribution, etc. | Boston, Mass., |
| Name of publisher, distributor, etc. | The Beacon press, inc., |
| Date of publication, distribution, etc. | 1935. |
| 300 ## - PHYSICAL DESCRIPTION | |
| Extent | xii. 114 p. |
| Other physical details | illus. |
| Dimensions | 20 cm. |
| 490 0# - SERIES STATEMENT | |
| Series statement | The Beacon handicraft series |
| 650 #0 - SUBJECT ADDED ENTRY--TOPICAL TERM | |
| Topical term or geographic name entry element | Leatherwork. |
| 700 1# - ADDED ENTRY--PERSONAL NAME | |
| Personal name | White, Charles Elmer, |
| Dates associated with a name | 1876- |
| Relator term | illus. |
| 710 2# - ADDED ENTRY--CORPORATE NAME | |
| Corporate name or jurisdiction name as entry element | Fellowcrafters Guild, Boston. |
| 906 ## - LOCAL DATA ELEMENT F, LDF (RLIN) | |
| a | 7 |
| b | cbc |
| c | oclcrpl |
| d | u |
| e | ncip |
| f | 19 |
| g | y-gencatlg |
| 985 ## - | |
| -- | OCLC REPLACEMENT |
| 991 ## - | |
| -- | c-GenColl |
| -- | TT290 |
| -- | .B3 |
| -- | Copy 1 |
| -- | OCLCREP |
| Withdrawn status | Lost status | Damaged status | Not for loan | Home library | Current library | Shelving location | Date acquired | Total checkouts | Full call number | Barcode | Date last seen | Price effective from | Koha item type |
|---|---|---|---|---|---|---|---|---|---|---|---|---|---|
| Fairfield | Fairfield | General stacks | 22/03/2026 | 745 | BC0011173 | 22/03/2026 | 22/03/2026 | Books |